Critical students vol-28: Emily Bronte`s Wuthering heights / (Record no. 11406)
[ view plain ]
| 000 -LEADER | |
|---|---|
| fixed length control field | 00433cam a2200169ua 4500 |
| 041 ## - LANGUAGE CODE | |
| Language code of text/sound track or separate title | eng |
| 082 ## - DEWEY DECIMAL CLASSIFICATION NUMBER | |
| Classification number | 828.09 |
| Item number | MUL/CR |
| 100 ## - MAIN ENTRY--AUTHOR NAME | |
| Personal name | Mullik, B.R. |
| 245 ## - TITLE STATEMENT | |
| Title | Critical students vol-28: Emily Bronte`s Wuthering heights / |
| 260 ## - PUBLICATION, DISTRIBUTION, ETC. (IMPRINT) | |
| Place of publication | New Delhi : |
| Name of publisher | S.Chand and Co , |
| Year of publication | 1961. |
| 300 ## - PHYSICAL DESCRIPTION | |
| Number of Pages | 32 ; . |
| 942 ## - ADDED ENTRY ELEMENTS (KOHA) | |
| Koha item type | Books |
| Withdrawn status | Lost status | Damaged status | Home library | Current library | Date acquired | Full call number | Accession Number | Koha item type |
|---|---|---|---|---|---|---|---|---|
| Withdrawn | KAUAET | Sanskrit University | 07/04/2012 | 828.09 | 9993 | Books |
